000 00490nam a2200157Ia 4500
008 190925s9999 xx 000 0 und d
020 _a978-0-471-64799-7
100 _aKatsigris, Costas
245 _cCostas Katsigris and Chris Thomas.--
_aThe bar and beverage book /
250 _a4th ed.
260 _aHoboken, N.J. :
_bJohn Wiley & Sons
_c2007
300 _a737 pages :
_bblack & white pictures
500 _aIncludes glossary and index.
650 _aBeverages
650 _aDrinks
999 _c362234
_d362234